000 00850nam a22002537a 4500
001 sjds
003 sjds
005 20230915204817.0
008 230915b |||||||| |||| 00| 0 spa d
020 _a9686048758
020 _a9789686048759
040 _csjds
041 _aspa
100 1 0 _aGikow, Louise.
245 1 0 _aConoce a los Pequenos Muppets /
_cLouise Gikow ; Lauren Attinello (Illustrator), Jim Henson
260 _aMexico :
_b Sitesa,
_cc1989
300 _a 32 unnumbered pages :
_b color illustrations ;
_c21 cm
440 _aPequenos Muppets
500 _aTranslation of: Meet the Muppet Babies
520 _aKermit's cardboard box becomes a cave, space station, computer, piano, and castle when the Muppet Babies use their imagination.
700 1 0 _aAttinello, Lauren.
_eIllustrator
700 1 0 _aHenson, Jim.
942 _cBK
999 _c28332
_d28332